Science and math : Biology, chemistry, physics, earth science, space science
Đã lưu trong:
| Định dạng: | Sách |
|---|---|
| Ngôn ngữ: | Undetermined |
| Được phát hành: |
Burlington, NC
Carolina
2001
|
| Những chủ đề: | |
| Các nhãn: |
Thêm thẻ
Không có thẻ, Là người đầu tiên thẻ bản ghi này!
|
| Thư viện lưu trữ: | Trung tâm Học liệu Trường Đại học Cần Thơ |
|---|
| LEADER | 00495nam a2200169Ia 4500 | ||
|---|---|---|---|
| 001 | CTU_192445 | ||
| 008 | 210402s9999 xx 000 0 und d | ||
| 082 | |a 500 | ||
| 082 | |b S416 | ||
| 245 | 0 | |a Science and math : | |
| 245 | 0 | |b Biology, chemistry, physics, earth science, space science | |
| 260 | |a Burlington, NC | ||
| 260 | |b Carolina | ||
| 260 | |c 2001 | ||
| 650 | |a Science,Mathematics,Khoa học,Toán học | ||
| 904 | |i Trúc | ||
| 980 | |a Trung tâm Học liệu Trường Đại học Cần Thơ | ||